Matériels d'épuisement et d'assèchements - Statistiques

Statistiques générales
  • Ce quiz a été pris 7 fois
  • Le résultat moyen est 7 sur 14
Statistiques - réponses
Par images Réponse % Correct
Aspirateur
75%
Commande
75%
Crépine
75%
Flotteur
75%
hydroéjecteur
75%
tronçonneuse
75%
Moto pompe d'épuisement
50%
Moto pompe Flottante
50%
Moto pompe remorquable
50%
tricoise
25%
Turbo pompe
25%
Vide cave
25%
Tuyau d'aspiration
0%
tuyau de refoulement
0%
Aucun quiz correspondant
Distribution des résultats
% des personnes avec chaque résultat
Percentile par nombre de réponses
Votre historique - résultats
Vous n’avez pas pris ce quiz